Responses for show #4603 - Wednesday, September 15, 2004

Ken Jennings game 46.

Contestants

[<< previous game]

David Fishbach, a consulting program manager from Watertown, Massachusetts

Cara Butler, a stay-at-home mom originally from Hamilton, Ohio

Ken Jennings, a software engineer from Salt Lake City, Utah (whose 45-day cash winnings total $1,517,461)

[next game >>]

Jeopardy! Round responses

AFRICAN WILDLIFE
THOSE ROCKIN' '90s
FIRST NAME'S THE SAME
RATED "P.G."
FEMMES FATALES
DANGER, CURVES AHEAD
    $200 21
the flamingo

David
    $200 6
(Freddie) Mercury

David
    $200 1
Ryan

Ken
    $200 11
the putting green

David
    $200 16
(Cara: Who is Salome?)

Bathsheba

KenCara
    $200 30
its last quarter

Ken
    $400 22
(Ken: What's an echidna?)

a hedgehog

KenDavid
    $400 7
The Steve Miller Band

Ken
    $400 2
Sarah

Ken
    $400 12
Postmaster General

Ken
    $400 17
Helen of Troy

David
    $400 26
parentheses

Ken
    $600 23
a rhinoceros

Ken
    $600 8
Shawn Colvin

Triple Stumper
    $600 3
John

Ken
    $600 13
the Persian Gulf

Ken
    $600 18
the Rhine

Ken
    $600 27
Jan & Dean

David
    $800 24
the Barbary apes

Triple Stumper
    $800 9
"All By Myself"

Ken
    $800 4
Andrew

Ken
    $800 14
Pat Garrett

Ken
    $800 19
Bavaria

Ken
    $2,000 28
(David: What is Ann Arbor?)

South Bend

David
    $1000 25
South Africa

Ken
    $1000 10
and Seated

Triple Stumper
    $1000 5
Mark

Ken
    $1000 15
Paul Gauguin

Ken
    $1000 20
Lucrezia Borgia

Ken
    $1000 29
a telescope lens

Cara

Scores at the first commercial break (after clue 14):

Ken Cara David
$6,000 $0 $400

Scores at the end of the Jeopardy! Round:

Ken Cara David
$11,400 $800 $0

Double Jeopardy! Round responses

AMERICAN LITERATURE
WHO PLAYED 'EM?
PAINTINGS
LONGSHOTS
YUCATAN LINES
WORD "PLA"Y
    $400 11
Louis L'Amour

Ken
    $400 6
Bill Murray

Ken
    $400 16
The Last Supper

Ken
    $400 1
(Ken: What is Vietnam?)

Japan

Ken
Triple Stumper
    $400 26
spring break

Ken
    $400 21
platinum

Ken
    $800 12
(Edith) Wharton

Cara
    $800 7
(Alex: Yes, Spider-Man.)

Kirsten Dunst

Ken
    $800 17
(Claude) Monet

Ken
    $800 2
(Alex: He put $135,000 down, and he won. Doubled his money.)

roulette

David
    $800 30
the Maya

Ken
    $800 22
a placebo

Ken
    $1,500 13
(Alex: You can risk up to $2,000. Your choice.)
(Cara: But I can't get back again.)
(Alex: Well, you could. Don't be pessimistic and think you're going to respond incorrectly. Be on the positive side.)
(Cara: I'll wager $1,500.)
...
(Cara: Oh, my goodness. What is...)
(Alex: You're right so far.)
(Cara: Uh-huh.)
(Alex: Cara...?)
(Cara: Fathers?)

The Good Earth (by Pearl Buck)

Cara
    $1200 8
(Ken: Who are Ben Stiller and Wilson?)
(Alex: Which Wilson?)

Ben Stiller & Owen Wilson

Ken
    $1200 18
Mondrian

Ken
    $1200 3
Dukakis

Ken
    $1200 27
Guatemala

Ken
    $1200 23
a plateau

Ken
    $1600 14
Martin Arrowsmith

Ken
    $8,400 9
(Alex: Looks to me like...)
(Ken: I'm gonna mess with you, Alex. $8,400.)
(Alex: Whoa. I was expecting $3,400, but you're feeling confident, and that's good.)
...
(Alex: In Seabiscuit, right.)

William H. Macy

Ken
    $1600 19
Europa

Ken
    $1600 4
Finland

David
    $1600 28
Cozumel

Triple Stumper
    $1600 24
a plague

Cara
    $2000 15
(Ralph) Ellison

Ken
    $2000 10
Jim Caviezel

Ken
    $2000 20
Hieronymus Bosch

Ken
    $2000 5
Alpha Centauri

Ken
    $2000 29
Muerto

Ken
    $2000 25
a platitude

David

Scores at the end of the Double Jeopardy! Round:

Ken Cara David
$43,800 $1,700 $4,400
(lock game)

[wagering suggestions for these scores]

Final Jeopardy! Round responses

BRITISH MONARCHS
(Alex: [Revealing David's response] The king at the time of the American Revolution was king also when we moved into the 1800s.)
CaraWho was Elizabeth I
$1,700
DavidWho was George III?
$600
KenWho was George IV
$6,200
George III

Final scores:

Ken Cara David
$37,600 $0 $5,000
46-day champion: $1,555,061 3rd place: $1,000 2nd place: $2,000

Game dynamics:

Coryat scores:

Ken Cara David
$37,000 $3,200 $6,400
41 R
(including 1 DD),
2 W
3 R,
2 W
(including 1 DD)
9 R,
1 W
(including 1 DD)

Combined Coryat: $46,600

The J! Archive is created by fans, for fans. The Jeopardy! game show and all elements thereof, including but not limited to copyright and trademark thereto, are the property of Jeopardy Productions, Inc. and are protected under law. This website is not affiliated with, sponsored by, or operated by Jeopardy Productions, Inc. Join the discussion at JBoard.tv.